Načítá se...
Small Animal Formulary
| Hlavní autor: | |
|---|---|
| Médium: | Printed Book |
| Jazyk: | Undetermined |
| Vydáno: |
British Small Animal Veterinary Association
2011
England |
| Vydání: | 7th |
| Témata: |
| LEADER | 00698nam a2200241Ia 4500 | ||
|---|---|---|---|
| 008 | 141122s9999 xx 000 0 und d | ||
| 020 | |a 9781905319336 | ||
| 040 | |c . | ||
| 041 | |a English | ||
| 082 | |a 636.089514 | ||
| 082 | |b RAM/BS | ||
| 100 | |a Ian Ramsey | ||
| 245 | |a Small Animal Formulary | ||
| 245 | |c Ian Ramsey | ||
| 250 | |a 7th | ||
| 260 | |b British Small Animal Veterinary Association | ||
| 260 | |b England | ||
| 260 | |c 2011 | ||
| 300 | |a 434 Pages | ||
| 650 | |a Small Animal | ||
| 942 | |c BK | ||
| 999 | |c 4254 |d 4254 | ||
| 952 | |0 0 |1 0 |4 0 |6 636_089514000000000_RAMBS |7 0 |9 4213 |a COVAS |b COVAS |d 0000-00-00 |l 10 |m 1 |o 636.089514 RAM/BS |p 20032 |r 2015-06-01 |s 2015-05-21 |w 2014-11-26 |y BK | ||